000 00878nam a2200301Ia 4500
003 OSt
005 20221007121005.0
006 a|||||r|||| 00| 0
007 ta
008 221006b |||||||| |||| 00| 0 eng d
020 _a9780470119266 (pbk)
024 _a84671
037 _cTextbook
040 _aBDL
_cBDL
_beng
041 _2eng
_aeng
082 _aG:55, P8 Carb
100 _aRaven Peter H
245 0 _aEnvironment
_b Berg Linda R Hassenzahl David M
250 _a6
260 _aNew
_bJersey Wiley
_c2008
300 _axx, 599p.
_ccm.
500 _aGlossary G1-G16p.; Appendices A1-A11p.; Index I1-I20p.
650 _aEnvironment
700 _a Berg Linda R
700 _a Hassenzahl David M
_9710430
942 _hG:55, P8 Carb
_cTB
_2CC
999 _c1208290
_d1208290